1030 1754 1497 1290 1501 1910 1399 1506 1617 1519 1908 1519 1363 1186 1127 1516 1220 1921 1684 1431 1129 1500 1185 1988 1361 1603 1996 1858 1032 1521 1883 1317 1307 1820 1449 1175 1592 1107 1682 1580 1601 1311 1304 1954 1213 1496 1513 1197 1051 1812 1269 1078 1663 1639 1281 1388 1402 1478 1869 1043 1908 1177 1352 1240 1392 1904 1038 1523 1168 1045 1382 1331 1132 1490 1242 1083 1072 1570 1635 1828 1861 1689 1713 1600 1373 1331 1078 1539 1472 1212 1562 1864 1556 1058 1243 1218 1617 1002 1118 BCNSPRNW ULIB Ver.6.0+V

เปลี่ยนเป็นภาษาไทย

Change to English
 แสดงรายละเอียดบรรณานุกรม
  กลับหน้าหลัก

Brief Record : Get Marc (ISO 2709) : E-mail record : QR code < ปิดหน้าต่าง
LEADER : 00000nam 2200000uu 4500
001    13399121473
003     ULIB
008    121121s2551||||th 000 0 tha d
020    ^a9789740438830
050 04 ^aTT890^bณ161ก
100 0  ^aณภัทร ทองแย้ม
245 10 ^aการจัดดอกไม้แบบตะวันตก /^cณภัทร ทองแย้ม
250    ^aพิมพ์ครั้งที่ 1
260    ^aกรุงเทพฯ :^bวาดศิลป์,^c2551
300    ^a63 หน้า :^bภาพประกอบ ;^c26 ซม
440  0 ^aโครงการหนังสือส่งเสริมวิชาชีพธุรกิจ
650  7 ^aการจัดดอกไม้
945    ^p160^l0^i17784
995    ^aวิภา
999 ^a ทศพร
รายการนี้ยังไม่มีแท็ก
คุณยังไม่ได้ล็อกอิน คุณสามารถมีกิจกรรมร่วมกับเว็บไซต์ได้ แต่ต้องล็อกอินก่อน ::
  ล็อกอิน

รายการสื่อสารสนเทศ

ลำดับที่ ประเภท เลขเรียก/บาร์โค้ด สถานที่ สถานะ
1. วิทยาศาสตร์การแพทย์ และสุขภาพ
วิทยาศาสตร์การแพทย์ และสุขภาพ
TT890 ณ161ก  
  Barcode: 17784
ห้องสมุดวิทยาเขตสวรรค์ประชารักษ์
►หนังสือทั่วไป
บนชั้น

รายการใกล้เคียง
    ผู้แต่ง [ณภัทร ทองแย้ม]

    หัวเรื่อง [การจัดดอกไม้]

BibComment


ยังไม่เคยถูกคอมเมนท์

คอมเมนท์ทรัพยากรรายการนี้
  คอมเมนท์: การจัดดอกไม้แบบต..


 Copyright 2026. Bcnsprnw @Library